UBT Library

Studime sociologjike / (Record no. 1098)

000 -LEADER
fixed length control field 00385nam a22001577a 4500
008 - FIXED-LENGTH DATA ELEMENTS--GENERAL INFORMATION
fixed length control field 150708b xxu||||| |||| 00| 0 alb d
020 ## - INTERNATIONAL STANDARD BOOK NUMBER
International Standard Book Number 9992798254
041 0# - LANGUAGE CODE
Language code of text/sound track or separate title alb
080 ## - UNIVERSAL DECIMAL CLASSIFICATION NUMBER
Universal Decimal Classification number 316.282
100 ## - Rafti
Rafti Weber, Max;
245 ## - TITLE STATEMENT
Title Studime sociologjike /
Statement of responsibility, etc Max Weber;
260 ## -
-- Tiranë :
-- Plejad,
-- 2004.
300 ## -
-- 280 f. ;
-- 21 cm.
650 #0 -
-- Sociologjia
942 ## - ADDED ENTRY ELEMENTS (KOHA)
Source of classification or shelving scheme
Item type Books
Holdings
Withdrawn status Lost status Source of classification or shelving scheme Damaged status Not for loan Collection code Permanent location Current location Shelving location Date acquired Total Checkouts Full call number Date last seen Price effective from Koha item type
          Koleksioni i përgjithshem UBT - Prishtine UBT - Prishtine Koleksioni i përgjithshem 07/08/2015   316.282 WEB 07/08/2015 07/08/2015 Books
UBT Library © 2015-2024. All rights reserved University Education for Business and Technology